00625nam a22001937a 4500003000500000005001700005008004100022010001000063011001000073035001000083040000900093100002000102245010800122260010300230300001900333490002800352650002300380830002800403CHAP20220329140845.0971013s1988 r 00010 d a58759 a59731 a63891 cCHAP00aThompson, C. H. aSoils of technical College Reserve R-1624 Parech of Tinaroo, Country of Nares, Mareeba, North Queendand aMelburne :bCommonwealth Scientific and Industrial Research Organization. Division of Soils,c1988 a36 p.b: ilus. aDivisional reportv; 9214aSuelosxAustralia.0 aDivisional reportv; 92